[Event "DVM U14 2023"]
[Site "Magdeburg GER"]
[Date "2023.12.27"]
[Round "2"]
[White "Smith, Tobias"]
[Black "Marinin, Georgii"]
[Result "1-0"]
[Termination "normal"]
[Board "5.2"]
[WhiteElo "1655"]
[BlackElo "1489"]
[WhiteClock "00:52:48"]
[BlackClock "01:04:53"]
[WhiteTeam "TSG Oberschöneweide"]
[BlackTeam "SV Stuttgart-Wolfbusch 1956"]
[PlyCount "81"]
[WhiteFideId "16254228"]
[BlackFideId "34617140"]
[EventCountry "GER"]
[EventRounds "7"]
[EventType "team-swiss"]
[EventDate "2023.12.26"]

1. d4 {[%clk 01:30:19]} {[%emt 00:00:41]} d5 {[%clk 01:30:59]} {[%emt
00:00:02]} 2. c4 {[%clk 01:30:44]} {[%emt 00:00:05]} c6 {[%clk 01:31:25]}
{[%emt 00:00:04]} 3. cxd5 {[%clk 01:31:10]} {[%emt 00:00:03]} cxd5 {[%clk
01:31:49]} {[%emt 00:00:06]} 4. Nc3 {[%clk 01:31:36]} {[%emt 00:00:04]} Nf6
{[%clk 01:32:02]} {[%emt 00:00:16]} 5. Bf4 {[%clk 01:32:03]} {[%emt 00:00:04]}
Nc6 {[%clk 01:32:21]} {[%emt 00:00:11]} 6. e3 {[%clk 01:32:29]} {[%emt
00:00:03]} a6 {[%clk 01:32:35]} {[%emt 00:00:17]} 7. Bd3 {[%clk 01:32:54]}
{[%emt 00:00:05]} Bg4 {[%clk 01:32:47]} {[%emt 00:00:17]} 8. Nge2 {[%clk
01:32:25]} {[%emt 00:00:59]} e6 {[%clk 01:32:36]} {[%emt 00:00:41]} 9. O-O
{[%clk 01:32:02]} {[%emt 00:00:54]} Bd6 {[%clk 01:32:39]} {[%emt 00:00:28]} 10.
f3 {[%clk 01:30:34]} {[%emt 00:01:58]} Bh5 {[%clk 01:31:11]} {[%emt 00:01:57]}
11. g4 {[%clk 01:21:17]} {[%emt 00:09:48]} Bg6 {[%clk 01:30:21]} {[%emt
00:01:19]} 12. Bxd6 {[%clk 01:18:43]} {[%emt 00:03:04]} Qxd6 {[%clk 01:30:42]}
{[%emt 00:00:09]} 13. Nf4 {[%clk 01:19:09]} {[%emt 00:00:05]} Bxd3 {[%clk
01:29:41]} {[%emt 00:01:31]} 14. Qxd3 {[%clk 01:17:45]} {[%emt 00:01:53]} h6
{[%clk 01:29:26]} {[%emt 00:00:45]} 15. Kg2 {[%clk 01:13:42]} {[%emt 00:04:33]}
b5 {[%clk 01:28:20]} {[%emt 00:01:36]} 16. Rac1 {[%clk 01:09:39]} {[%emt
00:04:33]} Rc8 {[%clk 01:28:13]} {[%emt 00:00:37]} 17. a4 {[%clk 01:09:41]}
{[%emt 00:00:29]} b4 {[%clk 01:27:49]} {[%emt 00:00:54]} 18. Qxa6 {[%clk
01:08:03]} {[%emt 00:02:08]} O-O {[%emt 00:01:37]} 19. Nb5 {[%clk 01:04:28]}
{[%emt 00:04:02]} Qd7 {[%clk 01:25:56]} {[%emt 00:01:17]} 20. Nd3 {[%clk
00:59:12]} {[%emt 00:05:47]} Nb8 {[%clk 01:14:06]} {[%emt 00:12:21]} 21. Qd6
{[%clk 00:57:41]} {[%emt 00:02:00]} Qxd6 {[%clk 01:09:27]} {[%emt 00:05:10]}
22. Nxd6 {[%clk 00:57:26]} {[%emt 00:00:44]} Rxc1 {[%clk 01:09:50]} {[%emt
00:00:07]} 23. Rxc1 {[%clk 00:57:46]} {[%emt 00:00:10]} Na6 {[%clk 01:10:14]}
{[%emt 00:00:06]} 24. Rc6 {[%clk 00:56:02]} {[%emt 00:02:14]} Ra8 {[%clk
01:10:22]} {[%emt 00:00:22]} 25. Rb6 {[%clk 00:56:00]} {[%emt 00:00:32]} Kf8
{[%clk 01:06:02]} {[%emt 00:04:50]} 26. Nxb4 {[%clk 00:55:25]} {[%emt
00:01:05]} Nxb4 {[%clk 01:06:23]} {[%emt 00:00:09]} 27. Rxb4 {[%clk 00:55:48]}
{[%emt 00:00:06]} Ke7 {[%clk 01:06:41]} {[%emt 00:00:13]} 28. Nb7 {[%clk
00:50:50]} {[%emt 00:05:28]} Nd7 {[%clk 01:04:17]} {[%emt 00:02:53]} 29. Nc5
{[%clk 00:50:07]} {[%emt 00:01:12]} Nb8 {[%clk 01:03:47]} {[%emt 00:01:01]} 30.
Rb7+ {[%clk 00:49:34]} {[%emt 00:01:03]} Kf6 {[%clk 01:04:07]} {[%emt
00:00:10]} 31. Rxb8 {[%clk 00:49:54]} {[%emt 00:00:11]} Ra7 {[%clk 01:02:54]}
{[%emt 00:01:42]} 32. b4 {[%clk 00:49:53]} {[%emt 00:00:31]} g5 {[%clk
01:03:02]} {[%emt 00:00:23]} 33. b5 {[%clk 00:50:02]} {[%emt 00:00:21]} Kg6
{[%clk 01:02:26]} {[%emt 00:01:04]} 34. b6 {[%clk 00:50:26]} {[%emt 00:00:07]}
Re7 {[%clk 01:02:52]} {[%emt 00:00:05]} 35. b7 {[%clk 00:50:42]} {[%emt
00:00:14]} Kf6 {[%clk 01:03:10]} {[%emt 00:00:12]} 36. Rh8 {[%clk 00:51:01]}
{[%emt 00:00:10]} Rxb7 {[%clk 01:03:34]} {[%emt 00:00:07]} 37. Nxb7 {[%clk
00:51:18]} {[%emt 00:00:13]} Kg7 {[%clk 01:03:51]} {[%emt 00:00:12]} 38. Rc8
{[%clk 00:51:46]} {[%emt 00:00:02]} f5 {[%clk 01:04:11]} {[%emt 00:00:11]} 39.
a5 {[%clk 00:52:08]} {[%emt 00:00:08]} Kf6 {[%clk 01:04:27]} {[%emt 00:00:13]}
40. a6 {[%clk 00:52:30]} {[%emt 00:00:09]} e5 {[%clk 01:04:53]} {[%emt
00:00:04]} 41. Rc6+ {[%clk 00:52:48]} {[%emt 00:00:12]} 1-0

[Event "DVM U14 2023"]
[Site "Magdeburg GER"]
[Date "2023.12.27"]
[Round "2"]
[White "Friedrich, Timofej"]
[Black "Ollhoff, Hannes"]
[Result "1/2-1/2"]
[Termination "normal"]
[Board "5.3"]
[WhiteElo "1474"]
[BlackElo "1494"]
[WhiteClock "00:18:48"]
[BlackClock "00:09:33"]
[WhiteTeam "SV Stuttgart-Wolfbusch 1956"]
[BlackTeam "TSG Oberschöneweide"]
[PlyCount "100"]
[WhiteFideId "34617191"]
[BlackFideId "16266927"]
[EventCountry "GER"]
[EventRounds "7"]
[EventType "team-swiss"]
[EventDate "2023.12.26"]

1. e4 {[%clk 01:30:48]} {[%emt 00:00:11]} e6 {[%clk 01:30:55]} {[%emt
00:00:05]} 2. d4 {[%clk 01:31:09]} {[%emt 00:00:09]} d5 {[%clk 01:31:16]}
{[%emt 00:00:09]} 3. Nc3 {[%clk 01:31:21]} {[%emt 00:00:18]} Bb4 {[%clk
01:31:35]} {[%emt 00:00:11]} 4. e5 {[%clk 01:30:42]} {[%emt 00:01:09]} c5
{[%clk 01:32:00]} {[%emt 00:00:05]} 5. Bb5+ {[%clk 01:29:20]} {[%emt 00:01:53]}
Bd7 {[%clk 01:29:31]} {[%emt 00:02:58]} 6. Bxd7+ {[%clk 01:25:54]} {[%emt
00:03:56]} Qxd7 {[%clk 01:27:34]} {[%emt 00:02:27]} 7. Be3 {[%clk 01:22:39]}
{[%emt 00:03:45]} cxd4 {[%clk 01:25:18]} {[%emt 00:02:46]} 8. Bxd4 {[%clk
01:22:37]} {[%emt 00:00:32]} Nc6 {[%clk 01:24:36]} {[%emt 00:01:12]} 9. Nf3
{[%clk 01:21:26]} {[%emt 00:01:42]} Nxd4 {[%clk 01:24:22]} {[%emt 00:00:44]}
10. Qxd4 {[%clk 01:21:18]} {[%emt 00:00:37]} Ba5 {[%clk 01:22:10]} {[%emt
00:02:42]} 11. O-O {[%clk 01:19:12]} {[%emt 00:02:37]} Ne7 {[%clk 01:18:41]}
{[%emt 00:03:59]} 12. Ne2 {[%clk 01:10:48]} {[%emt 00:08:53]} Bb6 {[%clk
01:11:09]} {[%emt 00:08:02]} 13. Qd3 {[%clk 01:07:11]} {[%emt 00:04:08]} Rc8
{[%clk 01:07:10]} {[%emt 00:04:29]} 14. c3 {[%clk 01:03:36]} {[%emt 00:04:05]}
Nc6 {[%clk 01:02:16]} {[%emt 00:05:24]} 15. Rfe1 {[%clk 00:57:47]} {[%emt
00:06:19]} Qc7 {[%clk 00:58:30]} {[%emt 00:04:15]} 16. Nf4 {[%clk 00:54:33]}
{[%emt 00:03:44]} h6 {[%clk 00:53:12]} {[%emt 00:05:48]} 17. Nh5 {[%clk
00:50:07]} {[%emt 00:04:56]} O-O {[%clk 00:50:28]} {[%emt 00:03:14]} 18. g4
{[%clk 00:46:11]} {[%emt 00:04:26]} d4 {[%clk 00:36:30]} {[%emt 00:14:27]} 19.
cxd4 {[%clk 00:42:49]} {[%emt 00:03:53]} Nb4 {[%clk 00:36:01]} {[%emt
00:00:58]} 20. Qe4 {[%clk 00:41:22]} {[%emt 00:01:57]} Nc2 {[%clk 00:34:19]}
{[%emt 00:02:12]} 21. Rec1 {[%clk 00:39:10]} {[%emt 00:02:43]} Qc6 {[%clk
00:30:12]} {[%emt 00:04:38]} 22. Qd3 {[%clk 00:37:43]} {[%emt 00:01:57]} Rfd8
{[%clk 00:21:47]} {[%emt 00:08:55]} 23. Rab1 {[%clk 00:22:42]} {[%emt
00:15:31]} Bxd4 {[%clk 00:18:48]} {[%emt 00:03:30]} 24. Nxd4 {[%clk 00:18:20]}
{[%emt 00:04:52]} Rxd4 {[%clk 00:18:38]} {[%emt 00:00:40]} 25. Qxd4 {[%clk
00:14:59]} {[%emt 00:03:51]} Nxd4 {[%clk 00:18:34]} {[%emt 00:00:35]} 26. Rxc6
{[%clk 00:15:21]} {[%emt 00:00:07]} Rxc6 {[%clk 00:18:49]} {[%emt 00:00:15]}
27. Kg2 {[%clk 00:13:45]} {[%emt 00:02:06]} Rc2 {[%clk 00:16:24]} {[%emt
00:02:55]} 28. Nf4 {[%clk 00:12:19]} {[%emt 00:01:56]} Nc6 {[%clk 00:15:26]}
{[%emt 00:01:28]} 29. Nd3 {[%clk 00:10:13]} {[%emt 00:02:36]} Rd2 {[%clk
00:14:54]} {[%emt 00:01:01]} 30. Nc5 {[%clk 00:10:02]} {[%emt 00:00:42]} Nxe5
{[%clk 00:12:26]} {[%emt 00:02:59]} 31. h3 {[%clk 00:09:07]} {[%emt 00:01:25]}
Nd3 {[%clk 00:07:46]} {[%emt 00:05:08]} 32. Nxd3 {[%clk 00:08:50]} {[%emt
00:00:48]} Rxd3 {[%clk 00:08:09]} {[%emt 00:00:06]} 33. f3 {[%clk 00:07:18]}
{[%emt 00:02:02]} Rd2+ {[%clk 00:07:00]} {[%emt 00:01:39]} 34. Kg3 {[%clk
00:07:26]} {[%emt 00:00:23]} Kf8 {[%clk 00:05:36]} {[%emt 00:01:53]} 35. a4
{[%clk 00:07:19]} {[%emt 00:00:37]} a5 {[%clk 00:03:34]} {[%emt 00:02:32]} 36.
b4 {[%clk 00:07:00]} {[%emt 00:00:49]} b6 {[%clk 00:02:58]} {[%emt 00:01:06]}
37. bxa5 {[%clk 00:04:57]} {[%emt 00:02:33]} bxa5 {[%clk 00:03:19]} {[%emt
00:00:09]} 38. Rb8+ {[%clk 00:02:59]} {[%emt 00:02:28]} Ke7 {[%clk 00:03:42]}
{[%emt 00:00:08]} 39. Ra8 {[%clk 00:02:43]} {[%emt 00:00:46]} Rd5 {[%clk
00:03:56]} {[%emt 00:00:15]} 40. Ra7+ {[%clk 00:02:47]} {[%emt 00:00:26]} Kf6
{[%clk 00:03:39]} {[%emt 00:00:48]} 41. h4 {[%emt 00:04:01]} g5 {[%clk
00:00:50]} 42. hxg5+ {[%clk 00:00:39]} {[%emt 01:41:11]} hxg5 {[%clk 00:29:03]}
43. Kf2 {[%clk 00:30:35]} Kg6 {[%clk 00:24:58]} 44. Ra6 {[%clk 00:29:34]} Re5
{[%clk 00:23:33]} 45. Rb6 {[%clk 00:29:30]} f5 {[%clk 00:20:10]} 46. gxf5+
{[%clk 00:23:48]} Kxf5 {[%clk 00:20:22]} 47. Kg3 {[%clk 00:23:10]} Rd5 {[%clk
00:16:26]} 48. Ra6 {[%clk 00:22:14]} Ke5 {[%clk 00:14:52]} 49. Rb6 {[%clk
00:21:26]} Kf5 {[%clk 00:11:11]} 50. Ra6 {[%clk 00:18:48]} Ke5 {[%clk
00:09:33]} 1/2-1/2

[Event "DVM U14 2023"]
[Site "Magdeburg GER"]
[Date "2023.12.27"]
[Round "2"]
[White "Schaudienst, Arvid"]
[Black "Schimann, Kirill"]
[Result "1-0"]
[Termination "normal"]
[Board "5.4"]
[WhiteElo "1503"]
[BlackElo "1511"]
[WhiteClock "00:21:34"]
[BlackClock "00:56:05"]
[WhiteTeam "TSG Oberschöneweide"]
[BlackTeam "SV Stuttgart-Wolfbusch 1956"]
[PlyCount "93"]
[WhiteFideId "16266943"]
[BlackFideId "16296338"]
[EventCountry "GER"]
[EventRounds "7"]
[EventType "team-swiss"]
[EventDate "2023.12.26"]

1. e4 {[%clk 01:30:54]} {[%emt 00:00:05]} c6 {[%clk 01:30:54]} {[%emt
00:00:07]} 2. d4 {[%clk 01:31:17]} {[%emt 00:00:07]} d5 {[%clk 01:31:19]}
{[%emt 00:00:05]} 3. exd5 {[%clk 01:31:40]} {[%emt 00:00:07]} cxd5 {[%clk
01:31:42]} {[%emt 00:00:06]} 4. Bd3 {[%clk 01:31:55]} {[%emt 00:00:14]} Nf6
{[%clk 01:31:45]} {[%emt 00:00:28]} 5. Ne2 {[%clk 01:31:02]} {[%emt 00:01:23]}
Bg4 {[%clk 01:31:50]} {[%emt 00:00:25]} 6. O-O {[%clk 01:30:57]} {[%emt
00:00:35]} Nc6 {[%clk 01:31:47]} {[%emt 00:00:33]} 7. c3 {[%clk 01:31:19]}
{[%emt 00:00:09]} e6 {[%clk 01:31:53]} {[%emt 00:00:24]} 8. Qe1 {[%clk
01:31:06]} {[%emt 00:00:42]} Be7 {[%clk 01:31:46]} {[%emt 00:00:37]} 9. f3
{[%clk 01:30:16]} {[%emt 00:01:20]} Bh5 {[%clk 01:32:07]} {[%emt 00:00:09]} 10.
Qh4 {[%clk 01:24:07]} {[%emt 00:06:38]} Qb6 {[%clk 01:26:54]} {[%emt 00:05:43]}
11. Nf4 {[%clk 01:18:11]} {[%emt 00:06:26]} Nxd4 {[%clk 01:23:10]} {[%emt
00:04:15]} 12. cxd4 {[%clk 01:15:54]} {[%emt 00:02:47]} Qxd4+ {[%clk 01:23:26]}
{[%emt 00:00:13]} 13. Qf2 {[%clk 01:15:05]} {[%emt 00:01:19]} Bc5 {[%clk
01:21:15]} {[%emt 00:02:41]} 14. Qxd4 {[%clk 01:13:33]} {[%emt 00:02:03]} Bxd4+
{[%clk 01:21:33]} {[%emt 00:00:12]} 15. Kh1 {[%clk 01:13:39]} {[%emt 00:00:23]}
Rc8 {[%clk 01:20:33]} {[%emt 00:01:31]} 16. Nd2 {[%clk 01:11:33]} {[%emt
00:02:36]} Bg6 {[%clk 01:19:03]} {[%emt 00:02:00]} 17. Nxg6 {[%clk 01:10:45]}
{[%emt 00:01:18]} hxg6 {[%clk 01:19:25]} {[%emt 00:00:08]} 18. Nb3 {[%clk
01:08:32]} {[%emt 00:02:43]} Bb6 {[%clk 01:19:13]} {[%emt 00:00:41]} 19. g4
{[%clk 01:05:22]} {[%emt 00:03:40]} Bc7 {[%clk 01:18:14]} {[%emt 00:01:29]} 20.
Rf2 {[%clk 01:04:16]} {[%emt 00:01:36]} Bb6 {[%clk 01:17:21]} {[%emt 00:01:23]}
21. Re2 {[%clk 01:02:44]} {[%emt 00:02:01]} Ke7 {[%clk 01:16:22]} {[%emt
00:01:31]} 22. Bf4 {[%clk 01:01:55]} {[%emt 00:01:18]} Nd7 {[%clk 01:14:06]}
{[%emt 00:02:45]} 23. Rd1 {[%clk 00:56:24]} {[%emt 00:06:01]} Nc5 {[%clk
01:08:52]} {[%emt 00:05:44]} 24. Nxc5 {[%clk 00:54:53]} {[%emt 00:02:02]} Rxc5
{[%clk 01:08:14]} {[%emt 00:01:06]} 25. Be5 {[%clk 00:49:43]} {[%emt 00:05:41]}
Rg8 {[%clk 01:00:32]} {[%emt 00:08:12]} 26. Bd4 {[%clk 00:48:39]} {[%emt
00:01:33]} Rc6 {[%clk 01:00:38]} {[%emt 00:00:24]} 27. Bb5 {[%clk 00:48:28]}
{[%emt 00:00:42]} Rd6 {[%clk 01:00:38]} {[%emt 00:00:30]} 28. Bxb6 {[%clk
00:46:11]} {[%emt 00:02:47]} axb6 {[%clk 01:00:34]} {[%emt 00:00:34]} 29. Rc1
{[%clk 00:42:35]} {[%emt 00:04:07]} f5 {[%clk 00:59:10]} {[%emt 00:01:53]} 30.
Rc7+ {[%clk 00:41:34]} {[%emt 00:01:31]} Kf6 {[%clk 00:59:32]} {[%emt
00:00:09]} 31. Rxb7 {[%clk 00:39:24]} {[%emt 00:02:40]} e5 {[%clk 00:59:53]}
{[%emt 00:00:09]} 32. Kg2 {[%clk 00:36:39]} {[%emt 00:03:14]} d4 {[%clk
00:56:24]} {[%emt 00:03:59]} 33. Bd3 {[%clk 00:35:00]} {[%emt 00:02:08]} Re8
{[%clk 00:54:58]} {[%emt 00:01:55]} 34. f4 {[%clk 00:28:57]} {[%emt 00:06:34]}
e4 {[%clk 00:52:16]} {[%emt 00:03:12]} 35. g5+ {[%clk 00:28:28]} {[%emt
00:00:59]} Ke6 {[%clk 00:52:43]} {[%emt 00:00:03]} 36. Bc4+ {[%clk 00:28:46]}
{[%emt 00:00:12]} Rd5 {[%clk 00:53:10]} {[%emt 00:00:03]} 37. Rxb6+ {[%clk
00:28:28]} {[%emt 00:00:48]} Kd7 {[%clk 00:53:33]} {[%emt 00:00:08]} 38. Bxd5
{[%clk 00:28:31]} {[%emt 00:00:26]} d3 {[%clk 00:54:01]} {[%emt 00:00:02]} 39.
Rd2 {[%clk 00:23:34]} {[%emt 00:05:26]} e3 {[%clk 00:53:21]} {[%emt 00:01:11]}
40. Rxd3 {[%clk 00:23:29]} {[%emt 00:00:35]} e2 {[%clk 00:53:46]} {[%emt
00:00:06]} 41. Bf3+ {[%clk 00:23:19]} {[%emt 00:00:39]} Kc7 {[%clk 00:54:08]}
{[%emt 00:00:09]} 42. Rc6+ {[%clk 00:22:51]} {[%emt 00:00:57]} Kb8 {[%clk
00:54:32]} {[%emt 00:00:06]} 43. Rb3+ {[%clk 00:22:16]} {[%emt 00:01:04]} Ka7
{[%clk 00:54:56]} {[%emt 00:00:07]} 44. Bxe2 {[%clk 00:22:10]} {[%emt
00:00:36]} Rxe2+ {[%clk 00:55:21]} {[%emt 00:00:05]} 45. Kf3 {[%clk 00:22:30]}
{[%emt 00:00:10]} Rxh2 {[%clk 00:55:41]} {[%emt 00:00:09]} 46. Kg3 {[%clk
00:22:07]} {[%emt 00:00:54]} Rd2 {[%clk 00:56:05]} {[%emt 00:00:05]} 47. Rc4
{[%clk 00:21:34]} {[%emt 00:01:03]} 1-0

[Event "DVM U14 2023"]
[Site "Magdeburg GER"]
[Date "2023.12.27"]
[Round "2"]
[White "Sommer, Justus"]
[Black "Blodig, Vincent"]
[Result "1-0"]
[Termination "normal"]
[Board "6.1"]
[WhiteElo "2108"]
[BlackElo "1921"]
[WhiteClock "00:04:54"]
[BlackClock "00:31:02"]
[WhiteTeam "Lübecker SV 1873"]
[BlackTeam "SF Augsburg"]
[PlyCount "109"]
[WhiteFideId "16245008"]
[BlackFideId "16297857"]
[EventCountry "GER"]
[EventRounds "7"]
[EventType "team-swiss"]
[EventDate "2023.12.26"]

1. e4 {[%clk 01:30:55]} {[%emt 00:00:03]} c5 {[%clk 01:30:58]} {[%emt
00:00:04]} 2. Nf3 {[%clk 01:31:08]} {[%emt 00:00:14]} e6 {[%clk 01:31:24]}
{[%emt 00:00:06]} 3. c3 {[%clk 01:31:30]} {[%emt 00:00:07]} d5 {[%clk
01:31:51]} {[%emt 00:00:04]} 4. exd5 {[%clk 01:31:51]} {[%emt 00:00:08]} exd5
{[%clk 01:32:16]} {[%emt 00:00:06]} 5. d4 {[%clk 01:32:03]} {[%emt 00:00:16]}
a6 {[%clk 01:32:33]} {[%emt 00:00:15]} 6. Be2 {[%clk 01:31:08]} {[%emt
00:01:24]} c4 {[%clk 01:32:53]} {[%emt 00:00:11]} 7. O-O {[%clk 01:30:56]}
{[%emt 00:00:38]} Bd6 {[%clk 01:33:01]} {[%emt 00:00:25]} 8. Re1 {[%clk
01:30:38]} {[%emt 00:00:48]} Ne7 {[%clk 01:33:21]} {[%emt 00:00:10]} 9. Nbd2
{[%clk 01:28:43]} {[%emt 00:02:24]} O-O {[%clk 01:32:51]} {[%emt 00:01:00]} 10.
Nf1 {[%clk 01:27:42]} {[%emt 00:01:30]} h6 {[%clk 01:26:59]} {[%emt 00:06:23]}
11. Ng3 {[%clk 01:26:50]} {[%emt 00:01:21]} Nbc6 {[%clk 01:27:01]} {[%emt
00:00:30]} 12. b3 {[%clk 01:18:33]} {[%emt 00:08:47]} cxb3 {[%clk 01:25:20]}
{[%emt 00:02:11]} 13. axb3 {[%clk 01:18:47]} {[%emt 00:00:15]} Be6 {[%clk
01:21:47]} {[%emt 00:04:03]} 14. c4 {[%clk 01:14:28]} {[%emt 00:04:49]} Rc8
{[%clk 01:20:57]} {[%emt 00:01:20]} 15. c5 {[%clk 01:11:35]} {[%emt 00:03:21]}
Bc7 {[%clk 01:17:57]} {[%emt 00:03:32]} 16. Be3 {[%clk 01:08:51]} {[%emt
00:03:13]} Nf5 {[%clk 01:17:47]} {[%emt 00:00:40]} 17. Nxf5 {[%clk 01:06:47]}
{[%emt 00:02:35]} Bxf5 {[%clk 01:18:06]} {[%emt 00:00:10]} 18. Bd3 {[%clk
01:02:13]} {[%emt 00:05:03]} Qd7 {[%clk 01:16:38]} {[%emt 00:01:59]} 19. Qb1
{[%clk 00:56:33]} {[%emt 00:06:09]} Bxd3 {[%clk 01:16:47]} {[%emt 00:00:23]}
20. Qxd3 {[%clk 00:56:53]} {[%emt 00:00:09]} Rce8 {[%clk 01:13:09]} {[%emt
00:04:08]} 21. Bd2 {[%clk 00:50:47]} {[%emt 00:06:35]} Bd8 {[%clk 01:08:13]}
{[%emt 00:05:27]} 22. Bf4 {[%clk 00:43:19]} {[%emt 00:07:58]} Bf6 {[%clk
01:06:15]} {[%emt 00:02:29]} 23. Be5 {[%clk 00:39:05]} {[%emt 00:04:43]} Bxe5
{[%clk 01:03:56]} {[%emt 00:02:49]} 24. Nxe5 {[%clk 00:38:33]} {[%emt
00:01:02]} Nxe5 {[%clk 01:04:14]} {[%emt 00:00:13]} 25. dxe5 {[%clk 00:38:21]}
{[%emt 00:00:41]} Rc8 {[%clk 01:00:47]} {[%emt 00:03:57]} 26. b4 {[%clk
00:37:26]} {[%emt 00:01:25]} Rfd8 {[%clk 00:58:41]} {[%emt 00:02:37]} 27. Qd4
{[%clk 00:32:51]} {[%emt 00:05:03]} Rc6 {[%clk 00:54:54]} {[%emt 00:04:18]} 28.
Ra3 {[%clk 00:31:46]} {[%emt 00:01:35]} Rg6 {[%clk 00:54:47]} {[%emt 00:00:37]}
29. Rg3 {[%clk 00:30:47]} {[%emt 00:01:28]} Rxg3 {[%clk 00:55:03]} {[%emt
00:00:15]} 30. hxg3 {[%clk 00:31:11]} {[%emt 00:00:05]} h5 {[%clk 00:53:24]}
{[%emt 00:02:09]} 31. Qh4 {[%clk 00:20:42]} {[%emt 00:10:58]} g6 {[%clk
00:52:55]} {[%emt 00:01:00]} 32. e6 {[%clk 00:19:05]} {[%emt 00:02:07]} fxe6
{[%clk 00:52:50]} {[%emt 00:00:35]} 33. Qf6 {[%clk 00:19:16]} {[%emt 00:00:19]}
Re8 {[%clk 00:48:22]} {[%emt 00:04:58]} 34. Qxg6+ {[%clk 00:19:23]} {[%emt
00:00:23]} Kf8 {[%clk 00:48:26]} {[%emt 00:00:27]} 35. Re3 {[%clk 00:17:13]}
{[%emt 00:02:39]} Re7 {[%clk 00:48:02]} {[%emt 00:00:55]} 36. Qxh5 {[%clk
00:14:53]} {[%emt 00:02:50]} Rf7 {[%clk 00:45:21]} {[%emt 00:03:10]} 37. Qe5
{[%clk 00:11:11]} {[%emt 00:04:10]} Qa4 {[%clk 00:40:36]} {[%emt 00:05:16]} 38.
Qd4 {[%clk 00:05:58]} {[%emt 00:05:41]} Qc2 {[%clk 00:39:45]} {[%emt 00:01:23]}
39. f4 {[%clk 00:05:48]} {[%emt 00:00:40]} Ke7 {[%clk 00:37:08]} {[%emt
00:03:08]} 40. g4 {[%clk 00:01:33]} {[%emt 00:04:44]} Qb1+ {[%clk 00:24:26]}
{[%emt 00:13:13]} 41. Kf2 {[%clk 00:28:18]} {[%emt 00:03:42]} Qh7 {[%clk
00:52:36]} {[%emt 00:02:22]} 42. Qe5 {[%clk 00:23:23]} {[%emt 00:05:25]} Kf8
{[%clk 00:48:24]} {[%emt 00:04:43]} 43. Qd6+ {[%clk 00:19:59]} {[%emt
00:03:53]} Kg7 {[%clk 00:46:21]} {[%emt 00:02:33]} 44. Rxe6 {[%clk 00:13:41]}
{[%emt 00:06:48]} Qc2+ {[%clk 00:46:00]} {[%emt 00:00:53]} 45. Kg3 {[%clk
00:13:06]} {[%emt 00:01:05]} Qd3+ {[%clk 00:45:13]} {[%emt 00:01:17]} 46. Kh4
{[%clk 00:12:42]} {[%emt 00:00:54]} Qd4 {[%clk 00:41:29]} {[%emt 00:04:14]} 47.
Kg5 {[%clk 00:08:55]} {[%emt 00:04:16]} Kh7 {[%clk 00:35:34]} {[%emt 00:06:26]}
48. Rh6+ {[%clk 00:08:21]} {[%emt 00:01:04]} Kg7 {[%clk 00:35:25]} {[%emt
00:00:39]} 49. Rg6+ {[%clk 00:07:03]} {[%emt 00:01:47]} Kh7 {[%clk 00:35:34]}
{[%emt 00:00:22]} 50. Qe5 {[%clk 00:05:18]} {[%emt 00:02:14]} Qxe5+ {[%clk
00:34:06]} {[%emt 00:01:59]} 51. fxe5 {[%clk 00:05:46]} {[%emt 00:00:02]} Re7
{[%clk 00:32:44]} {[%emt 00:01:52]} 52. Kf5 {[%clk 00:05:57]} {[%emt 00:00:20]}
Rc7 {[%clk 00:31:42]} {[%emt 00:01:31]} 53. Rd6 {[%clk 00:04:43]} {[%emt
00:01:44]} a5 {[%clk 00:31:57]} {[%emt 00:00:15]} 54. e6 {[%clk 00:04:39]}
{[%emt 00:00:33]} Kg8 {[%clk 00:31:02]} {[%emt 00:01:26]} 55. Rd8+ {[%clk
00:04:54]} {[%emt 00:00:15]} 1-0